[Event "Paul Keres - De Stukkenjagers"]
[Site ""]
[Date "2023.04.22"]
[Round "1.1"]
[White "Jansen, Bob"]
[Black "Ten Hertog, Hugo"]
[Result "1/2-1/2"]
[WhiteElo "2212"]
[BlackElo "2524"]

1. e4 {[%clk 01:30:27]} {[%emt 00:00:32]} g6 {[%clk 01:29:05]} {[%emt
00:01:55]} 2. d4 {[%clk 01:30:01]} {[%emt 00:00:56]} Bg7 {[%clk 01:28:49]}
{[%emt 00:00:46]} 3. Nc3 {[%clk 01:30:17]} {[%emt 00:00:15]} d6 {[%clk
01:29:13]} {[%emt 00:00:06]} 4. h4 {[%clk 01:27:33]} {[%emt 00:03:14]} h5
{[%clk 01:25:42]} {[%emt 00:04:00]} 5. Be3 {[%clk 01:26:03]} {[%emt 00:02:01]}
c6 {[%clk 01:25:55]} {[%emt 00:00:17]} 6. Qd2 {[%clk 01:24:35]} {[%emt
00:01:59]} b5 {[%clk 01:13:50]} {[%emt 00:12:35]} 7. a3 {[%clk 01:20:28]}
{[%emt 00:04:38]} Nf6 {[%clk 01:11:34]} {[%emt 00:02:46]} 8. f3 {[%clk
01:19:24]} {[%emt 00:01:34]} Qc7 {[%clk 01:10:20]} {[%emt 00:01:44]} 9. Bd3
{[%clk 01:05:34]} {[%emt 00:14:20]} a6 {[%clk 01:07:16]} {[%emt 00:03:34]} 10.
Nd1 {[%clk 01:02:05]} {[%emt 00:03:59]} c5 {[%clk 00:59:47]} {[%emt 00:07:59]}
11. c3 {[%clk 01:00:35]} {[%emt 00:01:59]} Nc6 {[%clk 01:00:10]} {[%emt
00:00:07]} 12. Nf2 {[%clk 00:49:12]} {[%emt 00:11:52]} Nd7 {[%clk 00:43:50]}
{[%emt 00:16:51]} 13. Ne2 {[%clk 00:40:28]} {[%emt 00:09:13]} Na5 {[%clk
00:41:36]} {[%emt 00:02:44]} 14. Rd1 {[%clk 00:28:49]} {[%emt 00:12:10]} Nb6
{[%clk 00:34:47]} {[%emt 00:07:18]} 15. O-O {[%clk 00:15:36]} {[%emt 00:13:44]}
Nbc4 {[%clk 00:32:11]} {[%emt 00:03:06]} 16. Bxc4 {[%clk 00:15:57]} {[%emt
00:00:09]} Nxc4 {[%clk 00:32:37]} {[%emt 00:00:03]} 17. Qc1 {[%clk 00:16:17]}
{[%emt 00:00:11]} e5 {[%clk 00:21:14]} {[%emt 00:11:53]} 18. dxc5 {[%clk
00:12:39]} {[%emt 00:04:07]} dxc5 {[%clk 00:19:39]} {[%emt 00:02:05]} 19. Nd3
{[%clk 00:09:53]} {[%emt 00:03:17]} Nxe3 {[%clk 00:17:25]} {[%emt 00:02:44]} 20.
Qxe3 {[%clk 00:10:21]} {[%emt 00:00:02]} Bh6 {[%clk 00:15:43]} {[%emt
00:02:11]} 21. Qf2 {[%clk 00:05:51]} {[%emt 00:05:00]} c4 {[%clk 00:15:26]}
{[%emt 00:00:47]} 22. Nb4 {[%clk 00:05:57]} {[%emt 00:00:25]} O-O {[%clk
00:14:25]} {[%emt 00:01:30]} 23. Nd5 {[%clk 00:05:40]} {[%emt 00:00:48]} Qa7
{[%clk 00:14:15]} {[%emt 00:00:38]} 24. g4 {[%clk 00:04:42]} {[%emt 00:01:29]}
hxg4 {[%clk 00:06:44]} {[%emt 00:08:02]} 25. fxg4 {[%clk 00:04:58]} {[%emt
00:00:15]} Bg7 {[%clk 00:06:52]} {[%emt 00:00:20]} 26. g5 {[%clk 00:04:16]}
{[%emt 00:01:12]} Bg4 {[%clk 00:03:12]} {[%emt 00:04:09]} 27. Rd2 {[%clk
00:03:34]} {[%emt 00:01:14]} Qxf2+ {[%clk 00:02:23]} {[%emt 00:01:19]} 28. Rxf2
{[%clk 00:04:02]} {[%emt 00:00:02]} Rfd8 {[%clk 00:01:27]} {[%emt 00:01:25]} 29.
Ng3 {[%clk 00:04:03]} {[%emt 00:00:30]} Kf8 {[%clk 00:00:59]} {[%emt 00:00:58]}
30. Nf1 {[%clk 00:04:01]} {[%emt 00:00:31]} Ra7 {[%clk 00:00:32]} {[%emt
00:00:58]} 31. Nfe3 {[%clk 00:03:26]} {[%emt 00:01:05]} Bc8 {[%clk 00:00:38]}
{[%emt 00:00:23]} 32. Kg2 {[%clk 00:01:07]} {[%emt 00:02:50]} Rad7 {[%clk
00:00:44]} {[%emt 00:00:22]} 33. Rd1 {[%clk 00:01:26]} {[%emt 00:00:13]} Rd6
{[%clk 00:00:38]} {[%emt 00:00:35]} 34. h5 {[%clk 00:01:10]} {[%emt 00:00:47]}
gxh5 {[%clk 00:00:33]} {[%emt 00:00:34]} 35. Rh1 {[%clk 00:01:17]} {[%emt
00:00:24]} Rg6 {[%clk 00:00:44]} {[%emt 00:00:19]} 36. Rxh5 {[%clk 00:01:26]}
{[%emt 00:00:21]} Be6 {[%clk 00:00:34]} {[%emt 00:00:39]} 1/2-1/2

[Event "Paul Keres - De Stukkenjagers"]
[Site ""]
[Date "2023.04.22"]
[Round "1.2"]
[White "Lombaers, Peter"]
[Black "Beukema, Stefan"]
[Result "1/2-1/2"]
[WhiteElo "2345"]
[BlackElo "2431"]

1. d4 {[%clk 01:30:57]} {[%emt 00:00:03]} f5 {[%clk 01:29:22]} {[%emt
00:01:33]} 2. c4 {[%clk 01:31:20]} {[%emt 00:00:12]} Nf6 {[%clk 01:29:48]}
{[%emt 00:00:05]} 3. Nf3 {[%clk 01:31:44]} {[%emt 00:00:06]} g6 {[%clk
01:29:58]} {[%emt 00:00:19]} 4. g3 {[%clk 01:32:08]} {[%emt 00:00:06]} Bg7
{[%clk 01:30:24]} {[%emt 00:00:05]} 5. Bg2 {[%clk 01:32:34]} {[%emt 00:00:04]}
d6 {[%clk 01:30:42]} {[%emt 00:00:12]} 6. O-O {[%clk 01:32:54]} {[%emt
00:00:09]} O-O {[%clk 01:31:07]} {[%emt 00:00:05]} 7. Nc3 {[%clk 01:33:21]}
{[%emt 00:00:03]} c6 {[%clk 01:31:29]} {[%emt 00:00:08]} 8. d5 {[%clk
01:33:43]} {[%emt 00:00:08]} Bd7 {[%clk 01:23:19]} {[%emt 00:08:40]} 9. Rb1
{[%clk 01:34:00]} {[%emt 00:00:13]} a5 {[%clk 01:17:58]} {[%emt 00:05:52]} 10.
Nd4 {[%clk 01:34:01]} {[%emt 00:00:28]} Qc8 {[%clk 01:17:53]} {[%emt 00:00:35]}
11. Re1 {[%clk 01:32:42]} {[%emt 00:01:50]} Na6 {[%clk 01:17:21]} {[%emt
00:01:01]} 12. e4 {[%clk 01:32:02]} {[%emt 00:01:10]} Nc5 {[%clk 01:07:18]}
{[%emt 00:10:32]} 13. exf5 {[%clk 01:30:41]} {[%emt 00:01:51]} Bxf5 {[%clk
01:07:40]} {[%emt 00:00:09]} 14. dxc6 {[%clk 01:20:13]} {[%emt 00:10:58]} Bxb1
{[%clk 01:04:18]} {[%emt 00:03:51]} 15. cxb7 {[%clk 01:19:52]} {[%emt
00:00:51]} Nxb7 {[%clk 01:04:42]} {[%emt 00:00:06]} 16. Rxe7 {[%clk 01:18:00]}
{[%emt 00:02:23]} Nc5 {[%clk 00:52:10]} {[%emt 00:13:02]} 17. Bxa8 {[%clk
01:12:23]} {[%emt 00:06:07]} Qxa8 {[%clk 00:52:22]} {[%emt 00:00:18]} 18. Nxb1
{[%clk 01:12:24]} {[%emt 00:00:29]} Nfe4 {[%clk 00:50:23]} {[%emt 00:02:29]} 19.
f3 {[%clk 00:48:58]} {[%emt 00:23:50]} Bf6 {[%clk 00:34:51]} {[%emt 00:16:09]}
20. Rxe4 {[%clk 00:47:56]} {[%emt 00:01:32]} Nxe4 {[%clk 00:34:41]} {[%emt
00:00:38]} 21. fxe4 {[%clk 00:48:19]} {[%emt 00:00:08]} Qxe4 {[%clk 00:34:54]}
{[%emt 00:00:17]} 22. Nc2 {[%clk 00:48:19]} {[%emt 00:00:30]} Qxc4 {[%clk
00:32:30]} {[%emt 00:02:54]} 23. b3 {[%clk 00:37:55]} {[%emt 00:10:55]} Qe4
{[%clk 00:27:20]} {[%emt 00:05:40]} 24. Nba3 {[%clk 00:31:50]} {[%emt
00:06:34]} d5 {[%clk 00:12:37]} {[%emt 00:15:13]} 25. Be3 {[%clk 00:23:04]}
{[%emt 00:09:16]} h5 {[%clk 00:02:48]} {[%emt 00:10:19]} 26. Nb5 {[%clk
00:16:54]} {[%emt 00:06:39]} h4 {[%clk 00:03:06]} {[%emt 00:00:13]} 27. Nbd4
{[%clk 00:09:28]} {[%emt 00:07:56]} Be5 {[%clk 00:02:24]} {[%emt 00:01:12]} 28.
Bf2 {[%clk 00:06:09]} {[%emt 00:03:49]} h3 {[%clk 00:01:20]} {[%emt 00:01:34]}
29. Qf1 {[%clk 00:06:33]} {[%emt 00:00:06]} Bxd4 {[%clk 00:01:11]} {[%emt
00:00:39]} 30. Nxd4 {[%clk 00:06:47]} {[%emt 00:00:15]} Rc8 {[%clk 00:01:20]}
{[%emt 00:00:22]} 31. Ne2 {[%clk 00:06:22]} {[%emt 00:00:55]} Rc2 {[%clk
00:01:21]} {[%emt 00:00:29]} 32. Nf4 {[%clk 00:05:53]} {[%emt 00:00:59]} Rxa2
{[%clk 00:00:42]} {[%emt 00:01:10]} 33. Qe1 {[%clk 00:01:54]} {[%emt 00:04:29]}
Qxe1+ {[%clk 00:00:51]} {[%emt 00:00:21]} 34. Bxe1 {[%clk 00:02:24]} d4 {[%clk
00:01:14]} {[%emt 00:00:07]} 35. Nxh3 {[%clk 00:00:51]} {[%emt 00:02:02]} d3
{[%clk 00:01:34]} {[%emt 00:00:10]} 36. Bc3 {[%clk 00:01:14]} {[%emt 00:00:07]}
Ra3 {[%clk 00:01:04]} {[%emt 00:01:00]} 37. Bd2 {[%clk 00:00:36]} {[%emt
00:01:08]} Ra2 {[%clk 00:00:55]} {[%emt 00:00:39]} 38. Bc3 {[%clk 00:00:50]}
{[%emt 00:00:17]} Rc2 {[%clk 00:00:39]} {[%emt 00:00:46]} 39. Bxa5 {[%clk
00:01:13]} {[%emt 00:00:06]} d2 {[%clk 00:01:03]} {[%emt 00:00:06]} 40. Nf2
{[%clk 00:00:56]} {[%emt 00:00:48]} Rb2 {[%clk 00:00:52]} {[%emt 00:00:39]} 41.
Kf1 {[%clk 00:30:00]} {[%emt 00:01:28]} Kf7 {[%clk 00:29:12]} {[%emt 00:02:11]}
42. Nd1 {[%clk 00:29:16]} {[%emt 00:01:13]} Rxb3 {[%clk 00:29:29]} {[%emt
00:00:13]} 43. Bxd2 {[%clk 00:29:15]} {[%emt 00:00:31]} Kf6 {[%clk 00:29:56]}
{[%emt 00:00:03]} 44. Ke2 {[%clk 00:27:11]} {[%emt 00:02:35]} Kf5 {[%clk
00:30:19]} {[%emt 00:00:07]} 45. Nf2 {[%clk 00:27:19]} {[%emt 00:00:21]} Ra3
{[%clk 00:30:31]} {[%emt 00:00:19]} 46. Be3 {[%clk 00:27:14]} {[%emt 00:00:34]}
Ke5 {[%clk 00:30:35]} {[%emt 00:00:26]} 47. Kf3 {[%clk 00:27:29]} {[%emt
00:00:15]} Kf5 {[%clk 00:31:01]} {[%emt 00:00:05]} 48. h4 {[%clk 00:27:10]}
{[%emt 00:00:49]} Ke5 {[%clk 00:31:21]} {[%emt 00:00:10]} 49. Nh3 {[%clk
00:27:16]} {[%emt 00:00:23]} Kf5 {[%clk 00:31:22]} {[%emt 00:00:29]} 50. Nf4
{[%clk 00:27:33]} {[%emt 00:00:13]} Ra4 {[%clk 00:28:15]} {[%emt 00:03:37]} 51.
g4+ {[%clk 00:26:18]} {[%emt 00:01:45]} Kf6 {[%clk 00:28:36]} {[%emt 00:00:08]}
52. Bc1 {[%clk 00:24:45]} {[%emt 00:02:04]} Ra2 {[%clk 00:28:58]} {[%emt
00:00:08]} 53. Nd3 {[%clk 00:24:41]} {[%emt 00:00:33]} Kg7 {[%clk 00:27:55]}
{[%emt 00:01:34]} 54. Bb2+ {[%clk 00:24:47]} {[%emt 00:00:24]} Kh6 {[%clk
00:28:07]} {[%emt 00:00:17]} 55. Bf6 {[%clk 00:21:45]} {[%emt 00:03:33]} Ra3
{[%clk 00:27:57]} {[%emt 00:00:40]} 56. Ke3 {[%clk 00:21:26]} {[%emt 00:00:49]}
Ra4 {[%clk 00:27:35]} {[%emt 00:00:51]} 57. Bg5+ {[%clk 00:21:01]} {[%emt
00:00:55]} Kg7 {[%clk 00:27:56]} {[%emt 00:00:08]} 58. Bf4 {[%clk 00:21:23]}
{[%emt 00:00:09]} Kh7 {[%clk 00:27:45]} {[%emt 00:00:41]} 59. g5 {[%clk
00:19:59]} {[%emt 00:01:54]} Ra1 {[%clk 00:26:35]} {[%emt 00:01:40]} 60. Ne5
{[%clk 00:19:32]} {[%emt 00:00:57]} Ra3+ {[%clk 00:26:42]} {[%emt 00:00:22]} 61.
Kf2 {[%clk 00:19:10]} {[%emt 00:00:53]} Kg7 {[%clk 00:26:35]} {[%emt 00:00:37]}
62. Nf3 {[%clk 00:19:35]} {[%emt 00:00:04]} Kf7 {[%clk 00:26:41]} {[%emt
00:00:23]} 63. Kg3 {[%clk 00:20:02]} {[%emt 00:00:05]} Kg7 {[%clk 00:25:19]}
{[%emt 00:01:51]} 64. Kg4 {[%clk 00:20:27]} {[%emt 00:00:05]} Ra4 {[%clk
00:25:45]} {[%emt 00:00:04]} 65. Ne5 {[%clk 00:19:03]} {[%emt 00:01:55]} Ra1
{[%clk 00:25:02]} {[%emt 00:01:12]} 66. Nd7 {[%clk 00:18:12]} {[%emt 00:01:21]}
Ra4 {[%clk 00:25:06]} {[%emt 00:00:26]} 67. Nf6 {[%clk 00:19:09]} {[%emt
00:00:04]} Rb4 {[%clk 00:24:49]} {[%emt 00:01:16]} 68. h5 {[%clk 00:19:35]}
{[%emt 00:00:05]} gxh5+ {[%clk 00:25:14]} {[%emt 00:00:05]} 69. Nxh5+ {[%clk
00:20:01]} {[%emt 00:00:04]} Kg6 {[%clk 00:25:36]} {[%emt 00:00:07]} 70. Ng3
{[%clk 00:20:15]} {[%emt 00:00:17]} Rb5 {[%clk 00:23:09]} {[%emt 00:02:56]} 71.
Ne2 {[%clk 00:20:41]} {[%emt 00:00:05]} Rb2 {[%clk 00:23:22]} {[%emt 00:00:16]}
72. Nd4 {[%clk 00:19:02]} {[%emt 00:02:10]} Rg2+ {[%clk 00:23:08]} {[%emt
00:00:43]} 73. Kh4 {[%clk 00:19:23]} {[%emt 00:00:09]} Rf2 {[%clk 00:21:41]}
{[%emt 00:01:56]} 74. Kg3 {[%clk 00:19:07]} {[%emt 00:00:46]} Rf1 {[%clk
00:22:03]} {[%emt 00:00:08]} 75. Nf3 {[%clk 00:17:38]} {[%emt 00:01:59]} Kh5
{[%clk 00:22:27]} {[%emt 00:00:07]} 76. Be3 {[%clk 00:16:28]} {[%emt 00:01:40]}
Ra1 {[%clk 00:22:29]} {[%emt 00:00:27]} 77. Kf4 {[%clk 00:16:21]} {[%emt
00:00:38]} Ra3 {[%clk 00:22:03]} {[%emt 00:00:56]} 78. Bd2 {[%clk 00:15:42]}
{[%emt 00:01:09]} Rd3 {[%clk 00:21:58]} {[%emt 00:00:34]} 79. Be3 {[%clk
00:15:10]} {[%emt 00:01:02]} Ra3 {[%clk 00:22:20]} {[%emt 00:00:08]} 80. Ke4
{[%clk 00:14:30]} {[%emt 00:01:11]} Ra2 {[%clk 00:21:38]} {[%emt 00:01:11]} 81.
Bf4 {[%clk 00:08:00]} {[%emt 00:07:00]} Rg2 {[%clk 00:21:45]} {[%emt 00:00:23]}
82. Kf5 {[%clk 00:07:03]} {[%emt 00:01:28]} Rg4 {[%clk 00:21:56]} {[%emt
00:00:18]} 83. Bc1 {[%clk 00:05:33]} {[%emt 00:02:00]} Rg3 {[%clk 00:22:06]}
{[%emt 00:00:20]} 84. Ke4 {[%clk 00:05:31]} {[%emt 00:00:34]} Rg4+ {[%clk
00:21:56]} {[%emt 00:00:38]} 85. Bf4 {[%clk 00:05:55]} {[%emt 00:00:07]} Rg2
{[%clk 00:22:12]} {[%emt 00:00:13]} 86. Ke5 {[%clk 00:04:59]} {[%emt 00:01:26]}
Rg4 {[%clk 00:19:24]} {[%emt 00:03:18]} 87. Kf5 {[%clk 00:03:30]} {[%emt
00:02:00]} Rg2 {[%clk 00:19:47]} {[%emt 00:00:06]} 88. Ne5 {[%clk 00:01:12]}
{[%emt 00:02:48]} Rxg5+ {[%clk 00:20:10]} {[%emt 00:00:07]} 89. Bxg5 {[%clk
00:01:41]} {[%emt 00:00:02]} 1/2-1/2

[Event "Paul Keres - De Stukkenjagers"]
[Site ""]
[Date "2023.04.22"]
[Round "1.3"]
[White "Grooten, Herman"]
[Black "Breukelman, Jan"]
[Result "0-1"]
[WhiteElo "2264"]
[BlackElo "2412"]

1. d4 {[%clk 01:30:56]} {[%emt 00:00:02]} Nf6 {[%clk 01:30:55]} {[%emt
00:00:06]} 2. c4 {[%clk 01:31:19]} {[%emt 00:00:07]} e6 {[%clk 01:31:19]}
{[%emt 00:00:06]} 3. Nf3 {[%clk 01:31:39]} {[%emt 00:00:09]} d5 {[%clk
01:31:41]} {[%emt 00:00:08]} 4. Nc3 {[%clk 01:31:54]} {[%emt 00:00:15]} dxc4
{[%clk 01:31:59]} {[%emt 00:00:12]} 5. e3 {[%clk 01:31:43]} {[%emt 00:00:41]}
a6 {[%clk 01:32:24]} {[%emt 00:00:05]} 6. Bxc4 {[%clk 01:30:54]} {[%emt
00:01:20]} b5 {[%clk 01:32:44]} {[%emt 00:00:11]} 7. Bd3 {[%clk 01:31:07]}
{[%emt 00:00:15]} Nbd7 {[%clk 01:30:20]} {[%emt 00:02:55]} 8. a4 {[%clk
01:24:37]} {[%emt 00:07:01]} b4 {[%clk 01:30:35]} {[%emt 00:00:15]} 9. Ne4
{[%clk 01:24:44]} {[%emt 00:00:21]} Bb7 {[%clk 01:30:30]} {[%emt 00:00:36]} 10.
Nxf6+ {[%clk 01:21:24]} {[%emt 00:03:50]} gxf6 {[%clk 01:16:54]} {[%emt
00:14:05]} 11. e4 {[%clk 01:16:57]} {[%emt 00:04:57]} c5 {[%clk 01:16:38]}
{[%emt 00:00:46]} 12. d5 {[%clk 01:15:17]} {[%emt 00:02:10]} exd5 {[%clk
00:56:16]} {[%emt 00:20:52]} 13. exd5 {[%clk 01:14:59]} {[%emt 00:00:43]} Qe7+
{[%clk 00:53:40]} {[%emt 00:03:12]} 14. Be3 {[%clk 01:12:53]} {[%emt 00:02:35]}
Bh6 {[%clk 00:53:44]} {[%emt 00:00:27]} 15. O-O {[%clk 01:03:06]} {[%emt
00:10:17]} Bxe3 {[%clk 00:54:09]} {[%emt 00:00:04]} 16. Re1 {[%clk 01:02:56]}
{[%emt 00:00:40]} Bxf2+ {[%clk 00:50:14]} {[%emt 00:04:25]} 17. Kxf2 {[%clk
01:03:18]} {[%emt 00:00:08]} Ne5 {[%clk 00:50:42]} {[%emt 00:00:02]} 18. Nxe5
{[%clk 00:54:55]} {[%emt 00:08:53]} fxe5 {[%clk 00:51:08]} {[%emt 00:00:05]} 19.
Qh5 {[%clk 00:54:25]} {[%emt 00:01:00]} O-O-O {[%clk 00:51:32]} {[%emt
00:00:06]} 20. Rxe5 {[%clk 00:54:12]} {[%emt 00:00:42]} Qf6+ {[%clk 00:38:57]}
{[%emt 00:13:06]} 21. Qf5+ {[%clk 00:48:18]} {[%emt 00:06:24]} Qxf5+ {[%clk
00:39:09]} {[%emt 00:00:19]} 22. Bxf5+ {[%clk 00:48:41]} {[%emt 00:00:06]} Kc7
{[%clk 00:39:30]} {[%emt 00:00:09]} 23. Re7+ {[%clk 00:48:26]} {[%emt
00:00:46]} Kb8 {[%clk 00:39:26]} {[%emt 00:00:34]} 24. Rc1 {[%clk 00:46:15]}
{[%emt 00:02:40]} Bxd5 {[%clk 00:37:40]} {[%emt 00:02:17]} 25. Rxc5 {[%clk
00:46:12]} {[%emt 00:00:32]} Rd6 {[%clk 00:31:55]} {[%emt 00:06:15]} 26. g3
{[%clk 00:44:23]} {[%emt 00:02:19]} Rhd8 {[%clk 00:30:22]} {[%emt 00:02:04]} 27.
Ke3 {[%clk 00:42:40]} {[%emt 00:02:12]} h5 {[%clk 00:22:39]} {[%emt 00:08:14]}
28. a5 {[%clk 00:40:15]} {[%emt 00:02:53]} h4 {[%clk 00:21:06]} {[%emt
00:02:05]} 29. gxh4 {[%clk 00:39:07]} {[%emt 00:01:37]} Ba8 {[%clk 00:12:03]}
{[%emt 00:09:33]} 30. Rc4 {[%clk 00:36:41]} {[%emt 00:02:56]} Bc6 {[%clk
00:11:41]} {[%emt 00:00:52]} 31. Rxb4+ {[%clk 00:35:36]} {[%emt 00:01:35]} Bb5
{[%clk 00:12:06]} {[%emt 00:00:05]} 32. Be4 {[%clk 00:31:24]} {[%emt 00:04:41]}
Rd1 {[%clk 00:11:31]} {[%emt 00:01:06]} 33. Rb3 {[%clk 00:25:20]} {[%emt
00:06:34]} f5 {[%clk 00:11:48]} {[%emt 00:00:13]} 34. Rb7+ {[%clk 00:25:39]}
{[%emt 00:00:11]} Ka8 {[%clk 00:12:08]} {[%emt 00:00:10]} 35. R7xb5+ {[%clk
00:23:01]} {[%emt 00:03:09]} fxe4 {[%clk 00:12:30]} {[%emt 00:00:07]} 36. Rb6
{[%clk 00:23:19]} {[%emt 00:00:13]} Ka7 {[%clk 00:12:40]} {[%emt 00:00:19]} 37.
Rc3 {[%clk 00:22:47]} {[%emt 00:01:01]} Re1+ {[%clk 00:11:14]} {[%emt
00:01:57]} 38. Kf2 {[%clk 00:21:57]} {[%emt 00:01:20]} Rdd1 {[%clk 00:11:38]}
{[%emt 00:00:07]} 39. Re3 {[%clk 00:20:47]} {[%emt 00:01:38]} Rf1+ {[%clk
00:10:31]} {[%emt 00:01:38]} 40. Kg3 {[%clk 00:16:47]} {[%emt 00:04:31]} Rf5
{[%clk 00:10:46]} {[%emt 00:00:15]} 41. Rxe4 {[%clk 00:14:57]} {[%emt
00:02:18]} Rg1+ {[%clk 00:11:09]} {[%emt 00:00:07]} 0-1

[Event "Paul Keres - De Stukkenjagers"]
[Site ""]
[Date "2023.04.22"]
[Round "1.4"]
[White "Kerigan, Demre"]
[Black "Bijlsma, Nick"]
[Result "1-0"]
[WhiteElo "2352"]
[BlackElo "2296"]

1. g3 {[%clk 01:30:41]} {[%emt 00:00:18]} e5 {[%clk 01:28:35]} {[%emt
00:02:25]} 2. Bg2 {[%clk 01:31:04]} {[%emt 00:00:07]} d5 {[%clk 01:28:55]}
{[%emt 00:00:10]} 3. d3 {[%clk 01:31:21]} {[%emt 00:00:13]} Nf6 {[%clk
01:26:48]} {[%emt 00:02:38]} 4. Nf3 {[%clk 01:31:41]} {[%emt 00:00:10]} Bd6
{[%clk 01:26:23]} {[%emt 00:00:55]} 5. O-O {[%clk 01:31:48]} {[%emt 00:00:22]}
O-O {[%clk 01:26:41]} {[%emt 00:00:12]} 6. Nc3 {[%clk 01:32:02]} {[%emt
00:00:16]} Re8 {[%clk 01:23:15]} {[%emt 00:03:57]} 7. e4 {[%clk 01:30:37]}
{[%emt 00:01:54]} c6 {[%clk 01:21:51]} {[%emt 00:01:55]} 8. h3 {[%clk
01:25:24]} {[%emt 00:05:42]} dxe4 {[%clk 01:14:56]} {[%emt 00:07:25]} 9. dxe4
{[%clk 01:25:02]} {[%emt 00:00:53]} b5 {[%clk 01:14:49]} {[%emt 00:00:37]} 10.
Nh4 {[%clk 01:21:27]} {[%emt 00:04:05]} b4 {[%clk 01:07:13]} {[%emt 00:08:06]}
11. Na4 {[%clk 01:19:11]} {[%emt 00:02:46]} Ba6 {[%clk 01:05:37]} {[%emt
00:02:06]} 12. Re1 {[%clk 01:18:13]} {[%emt 00:01:28]} Bb5 {[%clk 01:05:27]}
{[%emt 00:00:40]} 13. b3 {[%clk 01:16:51]} {[%emt 00:01:52]} Qc7 {[%clk
01:02:20]} {[%emt 00:03:38]} 14. Nf5 {[%clk 01:14:31]} {[%emt 00:02:49]} Bf8
{[%clk 01:01:54]} {[%emt 00:00:56]} 15. Nb2 {[%clk 01:11:41]} {[%emt 00:03:21]}
Nbd7 {[%clk 00:59:04]} {[%emt 00:03:15]} 16. Qf3 {[%clk 01:09:39]} {[%emt
00:02:37]} Kh8 {[%emt 00:15:28]} 17. a4 {[%clk 00:55:40]} {[%emt 00:14:16]}
bxa3 {[%clk 00:38:33]} {[%emt 00:06:15]} 18. Nd3 {[%clk 00:53:54]} {[%emt
00:02:16]} c5 {[%clk 00:30:50]} {[%emt 00:08:14]} 19. c4 {[%clk 00:46:10]}
{[%emt 00:08:07]} Bc6 {[%clk 00:30:51]} {[%emt 00:00:36]} 20. g4 {[%clk
00:44:20]} {[%emt 00:02:20]} Reb8 {[%emt 00:10:36]} 21. g5 {[%clk 00:42:26]}
{[%emt 00:01:03]} Ne8 {[%clk 00:16:27]} {[%emt 00:06:08]} 22. Rxa3 {[%clk
00:41:53]} {[%emt 00:01:02]} a5 {[%clk 00:16:52]} {[%emt 00:00:05]} 23. Ne3
{[%clk 00:35:30]} {[%emt 00:06:54]} Nd6 {[%clk 00:15:45]} {[%emt 00:01:38]} 24.
Ng4 {[%clk 00:35:53]} {[%emt 00:00:07]} a4 {[%clk 00:14:18]} {[%emt 00:01:56]}
25. Ndxe5 {[%clk 00:34:58]} {[%emt 00:01:25]} Nxe5 {[%clk 00:11:17]} {[%emt
00:03:32]} 26. Nxe5 {[%clk 00:35:21]} {[%emt 00:00:06]} axb3 {[%clk 00:10:51]}
{[%emt 00:00:57]} 27. Rxb3 {[%clk 00:32:53]} {[%emt 00:02:58]} Bxe4 {[%clk
00:07:10]} {[%emt 00:04:10]} 28. Rxe4 {[%clk 00:27:17]} {[%emt 00:06:06]} Rxb3
{[%clk 00:07:01]} {[%emt 00:00:39]} 29. Qxb3 {[%clk 00:24:03]} {[%emt
00:03:44]} Nxe4 {[%clk 00:07:03]} {[%emt 00:00:28]} 30. Bf4 {[%clk 00:15:54]}
{[%emt 00:08:38]} Ra1+ {[%clk 00:04:03]} {[%emt 00:03:31]} 31. Kh2 {[%clk
00:16:18]} {[%emt 00:00:06]} Nd6 {[%clk 00:04:03]} {[%emt 00:00:30]} 32. Bd5
{[%clk 00:16:02]} {[%emt 00:00:46]} Kg8 {[%clk 00:02:28]} {[%emt 00:02:05]} 33.
Nxf7 {[%clk 00:14:16]} {[%emt 00:02:16]} Qxf7 {[%clk 00:02:55]} {[%emt
00:00:03]} 34. Bxd6 {[%clk 00:10:12]} {[%emt 00:04:35]} Bxd6+ {[%clk 00:03:20]}
{[%emt 00:00:04]} 35. Kg2 {[%clk 00:10:36]} {[%emt 00:00:05]} Ra7 {[%clk
00:01:00]} {[%emt 00:02:50]} 36. Qd3 {[%clk 00:08:52]} {[%emt 00:02:15]} Bf8
{[%clk 00:00:52]} {[%emt 00:00:39]} 37. f4 {[%clk 00:04:32]} {[%emt 00:04:50]}
Kh8 {[%clk 00:00:38]} {[%emt 00:00:44]} 38. Bxf7 {[%clk 00:04:44]} {[%emt
00:00:17]} Rxf7 {[%clk 00:01:05]} {[%emt 00:00:03]} 39. f5 {[%clk 00:05:00]}
{[%emt 00:00:14]} h6 {[%clk 00:01:20]} {[%emt 00:00:15]} 40. h4 {[%clk
00:04:52]} {[%emt 00:00:38]} Be7 {[%clk 00:00:36]} {[%emt 00:01:14]} 41. Qd7
{[%clk 00:04:27]} {[%emt 00:00:55]} 1-0